<?xml version="1.0" encoding="UTF-8"?>
<record
    xmlns:xsi="http://www.w3.org/2001/XMLSchema-instance"
    xsi:schemaLocation="http://www.loc.gov/MARC21/slim http://www.loc.gov/standards/marcxml/schema/MARC21slim.xsd"
    xmlns="http://www.loc.gov/MARC21/slim">

  <leader>01410cam a22003131  4500</leader>
  <controlfield tag="001">gs 24000109 </controlfield>
  <controlfield tag="003">DLC</controlfield>
  <controlfield tag="005">20260227111328.0</controlfield>
  <controlfield tag="008">780915s1921    wiu          s000 0 eng c</controlfield>
  <datafield tag="010" ind1=" " ind2=" ">
    <subfield code="a">gs 24000109 </subfield>
  </datafield>
  <datafield tag="035" ind1=" " ind2=" ">
    <subfield code="a">(OCoLC)4225283</subfield>
  </datafield>
  <datafield tag="040" ind1=" " ind2=" ">
    <subfield code="a">Library, U. S. Geological Survey</subfield>
    <subfield code="c">AzU</subfield>
    <subfield code="d">DLC</subfield>
  </datafield>
  <datafield tag="042" ind1=" " ind2=" ">
    <subfield code="a">premarc</subfield>
  </datafield>
  <datafield tag="050" ind1="0" ind2="0">
    <subfield code="a">QE179</subfield>
    <subfield code="b">.A2 no. 54d</subfield>
  </datafield>
  <datafield tag="100" ind1="1" ind2=" ">
    <subfield code="a">Whitson, A. R.</subfield>
    <subfield code="q">(Andrew R.),</subfield>
    <subfield code="d">1870-1945.</subfield>
  </datafield>
  <datafield tag="245" ind1="1" ind2="0">
    <subfield code="a">Soil survey of Outagamie County, Wisconsin,</subfield>
    <subfield code="c">by A. R. Whitson, W. J. Geib, Martin O. Tosterud, Marion C. Ford and E. J. Graul of the Wisconsin Geological and Natural History Survey, and Horace V. Geib of the U. S. Dept. of Agriculture.  Survey conducted in cooperation with the United States Dept. of Agriculture, Bureau of Soils.</subfield>
  </datafield>
  <datafield tag="260" ind1=" " ind2=" ">
    <subfield code="a">Madison, Wis.,</subfield>
    <subfield code="b">The State,</subfield>
    <subfield code="c">1921.</subfield>
  </datafield>
  <datafield tag="300" ind1=" " ind2=" ">
    <subfield code="a">78 p.</subfield>
    <subfield code="b">II pl., tables.</subfield>
    <subfield code="c">23 cm.</subfield>
  </datafield>
  <datafield tag="490" ind1="1" ind2=" ">
    <subfield code="a">Wisconsin.  Geological and natural history survey.  Bulletin</subfield>
    <subfield code="v">no. 54-D.  Soil series, no. 26</subfield>
  </datafield>
  <datafield tag="500" ind1=" " ind2=" ">
    <subfield code="a">Bulletins nos. 54-A, -B, and -C.</subfield>
  </datafield>
  <datafield tag="500" ind1=" " ind2=" ">
    <subfield code="a">Folded colored map in separate envelope.</subfield>
  </datafield>
  <datafield tag="650" ind1=" " ind2="0">
    <subfield code="a">Soil surveys</subfield>
    <subfield code="z">Wisconsin</subfield>
    <subfield code="z">Outagamie County.</subfield>
  </datafield>
  <datafield tag="700" ind1="1" ind2=" ">
    <subfield code="a">Geib, W. J.</subfield>
    <subfield code="q">(Warren Jacob),</subfield>
    <subfield code="d">1880-</subfield>
  </datafield>
  <datafield tag="700" ind1="1" ind2=" ">
    <subfield code="a">Tosterud, Martin O.,</subfield>
  </datafield>
  <datafield tag="700" ind1="1" ind2=" ">
    <subfield code="a">Ford, Marion C.,</subfield>
  </datafield>
  <datafield tag="700" ind1="1" ind2=" ">
    <subfield code="a">Graul, E. J.,</subfield>
  </datafield>
  <datafield tag="700" ind1="1" ind2=" ">
    <subfield code="a">Geib, Horace V.,</subfield>
    <subfield code="d">1890-</subfield>
  </datafield>
  <datafield tag="810" ind1="2" ind2=" ">
    <subfield code="a">Wisconsin Geological and Natural History Survey.</subfield>
    <subfield code="t">Bulletin.</subfield>
    <subfield code="v">no. 54-D.</subfield>
  </datafield>
  <datafield tag="999" ind1=" " ind2=" ">
    <subfield code="c">26312</subfield>
    <subfield code="d">26312</subfield>
  </datafield>
</record>
